Flags of Landlocked African Countries - Statistics

General Stats
  • This quiz has been taken 25 times
  • The average score is 15 of 16
Answer Stats
Picture Answer % Correct
Niger
100%
Uganda
100%
Zambia
100%
Zimbabwe
100%
Chad
96%
Ethiopia
96%
Botswana
92%
Burkina Faso
92%
Burundi
92%
Mali
92%
Rwanda
92%
South Sudan
92%
Central African Republic
88%
Eswatini
88%
Lesotho
88%
Malawi
88%
No matching quizzes found
Score Distribution
Percent of People with Each Score
Percentile by Number Answered
Your Score History
You have not taken this quiz